Celebrities with Awesome Degrees - Statistics

General Stats
  • This quiz has been taken 21 times
  • The average score is 7 of 15
Answer Stats
Hint Answer % Correct
Greek & Latin Chris Martin
79%
Biology Lisa Kudrow
74%
Astrophysics Brian May
68%
Criminology Dwayne "The Rock" Johnson
68%
Anthropology and Archaeology Hugh Laurie
63%
Biochemical Engineering Ashton Kutcher
58%
Law Rebel Wilson
58%
English Ph.D. James Franco
53%
Neuroscience Mayim Bialik
47%
Medicine Ken Jeong
42%
Marketing Aziz Ansari
26%
Psychology Natalie Portman
26%
Architecture Weird Al Yankovic
26%
Mathematics Danica McKellar
21%
Sociology Gabrielle Union
11%
No matching quizzes found
Score Distribution
Percent of People with Each Score
Percentile by Number Answered
Your Score History
You have not taken this quiz